Полное собрание сочинений. Т. 86: Письма к В.Г. Черткову. 1887-1889 (Запись № 13578389)
[ простой вид ]
| 000 -МАРКЕР | |
|---|---|
| контрольное поле | 01751nam2a2200253 4500 |
| 001 - ИДЕНТИФИКАТОР ЗАПИСИ | |
| контрольное поле | rc\2859622 |
| 005 - ИДЕНТИФИКАТОР ВЕРСИИ | |
| контрольное поле | 20260315050701.0 |
| 035 ## - ДРУГИЕ СИСТЕМНЫЕ НОМЕРА | |
| Идентификатор записи | (NLR Aleph) 007014013 |
| 100 ## - ДАННЫЕ ОБЩЕЙ ОБРАБОТКИ | |
| Данные общей обработки | 20110710d1937 u y0rusy50 ca |
| 101 0# - ЯЗЫК РЕСУРСА | |
| Язык текста, звукозаписи и т.д. | русский |
| 102 ## - СТРАНА ПУБЛИКАЦИИ ИЛИ ПРОИЗВОДСТВА | |
| Страна публикации | Российская Федерация |
| 105 ## - ПОЛЕ КОДИРОВАННЫХ ДАННЫХ: ТЕКСТОВЫЕ МАТЕРИАЛЫ, МОНОГРАФИЧЕСКИЕ | |
| Кодированные данные о монографическом текстовом документе | chh z ||||| |
| 200 1# - ЗАГЛАВИЕ И СВЕДЕНИЯ ОБ ОТВЕТСТВЕННОСТИ | |
| Основное заглавие | Письма к В.Г. Черткову. 1887-1889 |
| Первые сведения об ответственности | Ред. М.В. Муратов |
| 210 ## - ПУБЛИКАЦИЯ, РАСПРОСТРАНЕНИЕ И ДР. | |
| Место издания, распространения и т.д. | Москва |
| Имя издателя, распространителя и т. д. | Худож. лит. |
| Дата издания, распространения и т.д. | 1937 |
| Место изготовления | Ленинград |
| Имя изготовителя | 1 тип. Облисполкома и Ленсовета |
| 215 ## - ФИЗИЧЕСКАЯ ХАРАКТЕРИСТИКА | |
| Специфическое обозначение материала и объем | Суп.-обл., пер., XIII, 316 с., 3 вкл. л. портр. и факс. |
| Другие сведения о физической характеристике | портр., факс. |
| 461 #0 - УРОВЕНЬ НАБОРА | |
| Встроенное поле | 001rc\2859602 |
| -- | 2001#$aПолное собрание сочинений$eЮбилейное изд. 1828-1928$hСерия 3$iПисьма$fЛ.Н. Толстой$gПод общ. ред. В.Г. Черткова$gПри участии ред. ком. в составе: А. Е. Грузинского, Н. К. Гудзия, Н. Н. Гусева ... [и др.]$gИзд. осуществляется под наблюдением Гос. ред. комиссии в составе: В. Д. Бонч-Бруевича, И. К. Луппола и М. А. Савельева$vТ. 86 |
| -- | 700#1$aТолстой$bЛ. Н.$gЛев Николаевич$f1828-1910$3RU\NLR\AUTH\771515 |
| Системный номер (АБИС) связанной записи | 5842622 |
| Автор | Толстой, Л.Н. (1828-1910) |
| Место публикации | Москва |
| Дата публикации | 1935 |
| Первые сведения об ответственности | Л.Н. Толстой |
| Номер части | Серия 3 |
| Заглавие части | Письма |
| Имя издателя, распространителя и т.д. | Худож. лит. |
| Сведения, относящиеся к заглавию | Юбилейное изд. 1828-1928 |
| Заглавие | Полное собрание сочинений |
| Номер тома | Т. 86 |
| 702 #1 - ИМЯ ЛИЦА - ВТОРИЧНАЯ ОТВЕТСТВЕННОСТЬ | |
| Начальный элемент ввода | Муратов |
| Часть имени, кроме начального элемента ввода | М.В. |
| Код отношения | Редактор |
| 801 #0 - ИСТОЧНИК ЗАПИСИ | |
| Страна | Российская Федерация |
| Организация | NLR |
| Правила каталогизации | psbo |
| 801 #1 - ИСТОЧНИК ЗАПИСИ | |
| Страна | Российская Федерация |
| Организация | ELAR |
| Источник данных | rusmarc |
| 852 ## - МЕСТОНАХОЖДЕНИЕ И ШИФР ХРАНЕНИЯ | |
| Идентификатор организации | NLR |
| Наименование фонда или коллекции (Sub-Location Identifier) | Л |
| Шифр хранения (Call Number) | 30 Г-7/109 |
| 942 ## - ДОПОЛНИТЕЛЬНЫЕ ЭЛЕМЕНТЫ ЗАПИСИ (АБИС) | |
| Тип экземпляра АБИС | Неопределено |
| 980 ## - КОЛЛЕКЦИЯ | |
| Название коллекции | Национальная библиография |
Нет доступных экземпляров.